书目信息 |
| 题名: |
与国企精英对话
|
|
| 作者: | 王少华 主编 | |
| 分册: | ||
| 出版信息: | 武汉 湖北人民出版社 2000.01 |
|
| 页数: | 270页 | |
| 开本: | 32开 | |
| 丛书名: | ||
| 单 册: | ||
| 中图分类: | I253.3 | |
| 科图分类: | ||
| 主题词: | 报告文学--中国 , 传记文学--中国 | |
| 电子资源: | ||
| ISBN: | 7-216-02795-7 | |
| 000 | 00589nam0 2200205 45 | |
| 001 | 0104121098 | |
| 005 | 20010412105747.2 | |
| 010 | @a7-216-02795-7@d16.60元 | |
| 100 | @a20010412d2000 km y0chiy0120 ea | |
| 101 | 0 | @achi |
| 105 | @a z 000yy | |
| 200 | 1 | @a与国企精英对话@AYu Guo Qi Jing Ying Dui Hua@f王少华主编@FWang Shao Hua Zhu Bian |
| 210 | @a武汉@c湖北人民出版社@d2000.01 | |
| 215 | @a270页@d32开 | |
| 606 | 0 | @a报告文学@x中国 |
| 606 | 0 | @a传记文学@x中国 |
| 690 | @aI253.3@v3 | |
| 701 | 0 | @a王少华@4主编 |
| 801 | @aCN@bPftUser@c20010412 | |
| 905 | @b337439-441@dI253.3@eW331@f3 | |
| 与国企精英对话/王少华主编.-武汉:湖北人民出版社,2000.01 |
| 270页;32开 |
| ISBN 7-216-02795-7:16.60元 |
| ● |
| 相关链接 |
|
|
|
正题名:与国企精英对话
索取号:I253.3/W331
 
预约/预借
| 序号 | 登录号 | 条形码 | 馆藏地/架位号 | 状态 | 备注 |
| 1 | 337439 | 203374393 | 社科二线400B/400B社科库 24排2列2层/ [索取号:I253.3/W331] | 在馆 | |
| 2 | 337440 | 203374400 | 社科二线400B/400B社科库 24排2列2层/ [索取号:I253.3/W331] | 在馆 | |
| 3 | 337441 | 203374419 | 社科二线400B/400B社科库 23排4列5层/ [索取号:I253.3/W331] | 在馆 |